Osudy a hodnoty Kostola Nanebovzatia Panny Márie v Dolnom Dubovom

Bibliographic Details
Main Author: Gojdič, Ivan, 1948- (Author)
Format: Article
Language:Slovak
PhysicalDescription:Fotogr.
ISBN:9788089489145
Subjects:

MARC

LEADER 00000nab a2200000 a 4500
001 vtls010576398
003 SK-MaSNL
005 20260303210644.0
008 140213 2013 xo 000 b slo
015 |a SNBRA 2012/09  |2 svkbbbg 
038 |a SVKBBBG 
040 |a SVKBBBG  |b slo  |c SVKBBBG  |e AACR2 
041 0 |a slo 
044 |a xo  |c SK 
072 7 |a 72  |x Architektúra  |2 konspekt 
072 7 |a 7.01/.09  |x Umenie  |2 konspekt 
072 7 |a 27  |x Kresťanstvo. Kresťanská cirkev všeobecne. Ekleziológia  |2 konspekt 
080 |a 726.54  |2 2001 
080 |a 7.033.5  |2 2001 
080 |a 27-774  |2 2001 
080 |a 27-726.3-774  |2 2001 
080 |a "13"  |2 2001 
080 |a (437.612)  |2 2001 
100 1 |a Gojdič, Ivan,  |d 1948-  |4 aut  |9 236021 
245 1 0 |a Osudy a hodnoty Kostola Nanebovzatia Panny Márie v Dolnom Dubovom  |c Ivan Gojdič 
300 |b Fotogr. 
500 |a Obsahuje fotografie Kostola Nanebovzatia Panny Márie, mapu Dolného Dubového z 1. vojenského mapovania, fotografiu Kalvárie pred kostolom a pamätnej tabule J. I. Bajzu 
504 |a Bibliogr. odkazy 
600 1 7 |a Bajza, Jozef Ignác,  |d 1755-1836  |2 SNKMA  |9 107852 
610 2 7 |a Kostol Nanebovzatia Panny Márie (Dolné Dubové, Slovensko)  |2 SVKBBPH  |9 1242672 
648 7 |a 14. stor.  |2 SVKBBPH  |9 304589 
650 0 7 |a kostoly  |2 SNKPH  |9 3023 
650 0 7 |a gotické umenie  |2 SNKPH  |9 1065 
650 0 7 |a farnosti  |2 SNKPH  |9 3772 
650 0 7 |a farári  |2 SNKPH  |9 38911 
651 7 |a Dolné Dubové (Slovensko)  |2 SNKPHgeo  |9 120828 
773 0 |t Jozef Ignác Bajza v kultúrnom a literárnom kontexte  |d Bratislava : Slavistický ústav Jána Stanislava SAV a Obec Dolné Dubové, 2013  |g S. 147-167  |z 9788089489145 
852 |a SVKBB  |b KIS3GCP 
958 |a NB 
999 |c 2201119  |d 2203049